| 000 | 00746nam a2200229 a 4500 | ||
|---|---|---|---|
| 999 |
_c10944 _d10944 |
||
| 001 | 10944 | ||
| 003 | BD-JhCC | ||
| 005 | 20190620090917.0 | ||
| 008 | 190529b2017 bd ||||| a||| 00| 0 eng d | ||
| 020 | _a9789841107987 | ||
| 035 | _a(BD-JhCC)10944 | ||
| 040 |
_aBD-JhCC _dBD-JhCC |
||
| 041 | _aben | ||
| 082 |
_bPER 2017 _a954.9205 |
||
| 100 | _aপারভেজ, সৈয়দ মাজহারুল | ||
| 245 |
_a৭ বীরশ্রেষ্ঠর কথা / _cসৈয়দ মাজহারুল পারভেজ, |
||
| 260 |
_aঢাকা: _bআহমদ পাবলিশিং হাউস; _c2017. |
||
| 300 |
_a128 p.: _bill,: _c22 cm. |
||
| 650 |
_aIndependent _zBangladesh |
||
| 942 |
_2ddc _cBK |
||